| 000 | 00664nam a2200205 a 4500 | ||
|---|---|---|---|
| 001 | 000024517 | ||
| 005 | 20200930023220.0 | ||
| 008 | 110128s1987 xxua r 001 0 spa d | ||
| 020 | _a0311040330 | ||
| 040 |
_aDO-SdBNP _bspa _cBNPHU |
||
| 082 |
_ann* _bnn* |
||
| 100 | 1 |
_aKelley, Page H. _950239 |
|
| 245 | 1 | 0 |
_aMalaquías: reavivar fuego de la fe / _cPage H. Kelley ; traducción de Floreal Ureta. |
| 260 |
_aEstados Unidos : _bCasa Bautista de Publicaciones, _c1987. |
||
| 300 |
_a128 p. : _bil. ; _c18 cm. |
||
| 490 | 1 | _aEstudios Bíbliocos Básicos | |
| 700 | 1 |
_aUreta, Floreal, _etr. _938378 |
|
| 830 | 0 |
_aEstudios Bíbliocos Básicos _950240 |
|
| 049 | _aBNGR | ||
| 999 |
_c24010 _d24010 |
||